|
|
|
|
| LEADER |
00758cam a2200193 7i4500 |
| 001 |
0000053020 |
| 005 |
20191017090000.0 |
| 020 |
|
|
|a 9211200938 (pbk.)
|
| 090 |
0 |
0 |
|a HT243.A8
|b U59 2001
|
| 110 |
2 |
|
|a United Nations
|
| 245 |
1 |
0 |
|a Guidelines for localizing the habitat agenda in Asia and the Pacific
|c Economic and Social Commission for Asia and the Pacific.
|
| 260 |
|
|
|a New York:
|b United Nations,
|c 2001.
|
| 300 |
|
|
|a v, 46 p.
|
| 500 |
|
|
|a Gift: Zainol Ahmad Resource Center
|
| 650 |
0 |
0 |
|a Human settlements --
|x Planning --
|z Asia
|
| 650 |
0 |
0 |
|a Human settlements --
|x Planning --
|z Pacific Area
|
| 650 |
0 |
0 |
|a Sustainable development --
|z Asia
|
| 650 |
0 |
0 |
|a Sustainable development --
|z Pacific Asia
|
| 999 |
|
|
|a 0000068095
|b BOK
|c OPEN SHELF
|e 1st Floor, Bestari Jaya
|